Statistics for Attack on Titan / Shingeki No Kyojin quiz

Click here to take the quiz!

General Stats

  • This quiz has been taken 1,366 times
  • The average score is 15 of 16

Answer Stats

HintAnswer% Correct
Angry boyEren Jaeger
99%
Protective sisterMikasa Ackerman
99%
Clean freakLevi Ackerman
98%
Potato girlSasha Braus
98%
Horse faceJean Kirchstein
96%
Coconut headArmin Arlert
95%
Freckled lesbianYmir
95%
GoddessChrista Lenz
94%
Commander eyebrowsErwin Smith
94%
Muscle boyReiner Braun
93%
Four eyesHanji Zoe
92%
BaldyConnie Springer
91%
Cold blondeAnnie Leonhart
90%
Tall and sweatyBertholdt Fuubar
90%
Half the man he used to beMarco Bodt
80%
Sniff sniffMike Zacharius
53%

Score Distribution

Percentile by Number Answered

Percent of People with Each Score

Your Score History

You have not taken this quiz